| 000 | 00485nam a2200169Ia 4500 | ||
|---|---|---|---|
| 008 | 230917s9999||||xx |||||||||||||| ||und|| | ||
| 020 | _cRS945 | ||
| 040 |
_e245072 _aMAIN |
||
| 041 | _aEnglish | ||
| 082 | _a320.50954 P215D | ||
| 100 | _aParekh, Bhikhu | ||
| 245 | 0 | _aDebating India: Essays on Indian political discourse | |
| 260 |
_aNew Delhi _bOxford University Press _c2015 |
||
| 300 | _axix, 374 p. | ||
| 500 | _a3008 23/01/2018 HBD18/7219 13/02/2018 Main Budget | ||
| 942 | _cBK | ||
| 999 |
_c25457 _d25457 |
||